000 00844nam a2200289Ia 4500
005 20250425160653.0
008 250425s9999 xx 000 0 und d
020 _a9684229917
041 _aspa
043 _amx
082 _a658.4038
100 _aSENN, JAMES A.
245 0 _aANALISIS Y DISEÑO DE SISTEMAS DE INFORMACION
250 _a2A ED.
260 _aMéxico
_bMCGRAW-HILL, INTERAMERICANA S.A. DE C.V.
_c1997
260 _aS.L.
300 _a942
500 _aTítulo Traducido: ANALYSIS & DESIGN OF INFORMATION SYSTEMS
650 _aDISEÑO DE SISTEMAS
650 _aESTRATEGIAS DE DESARROLLO
650 _aPROGRAMAS INFORMATICOS
650 _aSISTEMAS DE INFORMACION
700 _aEDMUNDO URBINA M.
_etraductor
710 _aMCGRAW-HILL INTERAMERICANA DE MEXICO, S.A. DE C.V.
942 _c01
010 _a1919
999 _c193791
_d193791